[Event "Open"]
[Site "Pula CRO"]
[Date "2007.06.23"]
[Round "1"]
[White "Jankovic,A"]
[Black "Konic,Z"]
[Result "1-0"]
[WhiteElo "2541"]
[BlackElo "2071"]

1.d4 Nf6 2.Nf3 d5 3.c4 e6 4.Nc3 Be7 5.Bf4 a6 6.e3 O-O 7.c5 Nbd7 8.h3 Re8
9.Bd3 Nf8 10.b4 c6 11.O-O Ng6 12.Bh2 Bf8 13.Qb3 Nd7 14.e4 dxe4 15.Nxe4 Nf6
16.Nd6 Bxd6 17.Bxd6 Ne7 18.Rad1 h6 19.Ne5 Nfd5 20.g4 Bd7 21.Nc4 Nc8 22.Bg3 b5
23.cxb6 Ndxb6 24.Na5 Nd5 25.a3 Qf6 26.Be5 Qh4 27.Kh2 Rf8 28.Bc2 g6 29.Nb7 Ra7
30.Nc5 Be8 31.Bb8 Ra8 32.Bg3 Qe7 33.Rde1 Bd7 34.Qd3 a5 35.bxa5 Rxa5 36.Qd2 Rxa3
37.Qxh6  1-0

[Event "King's Tournament"]
[Site "Bazna ROM"]
[Date "2007.06.24"]
[Round "9"]
[White "Portisch,L"]
[Black "Beliavsky,A"]
[Result "1/2-1/2"]
[WhiteElo "2512"]
[BlackElo "2648"]

1.d4 Nf6 2.c4 e6 3.Nf3 d5 4.Nc3 Be7 5.Bf4 O-O 6.e3 c5 7.dxc5 Bxc5 8.cxd5 Nxd5
9.Nxd5 exd5 10.a3 Nc6 11.Bd3 Bb6 12.O-O d4 13.e4 Bg4 14.h3 Qf6 15.Bh2 Bxf3
16.Qxf3 Qxf3 17.gxf3 Na5 18.Rac1 Nb3 19.Rc2 Rac8 20.Rd1 Nc5 21.Bb5 Rfd8 22.Kg2 Ne6
23.Rxc8 Rxc8 24.f4 Rc2 25.f5 Nc5 26.Rxd4 g6 27.Be5 Rxb2 28.Bc4 Rc2 29.Bd5 Kf8
30.Bg3 Ke7 31.Bh4+ f6 32.fxg6 hxg6 33.e5 g5 34.exf6+ Kxf6 35.Bg3 Ne6 36.Rc4 Nf4+  1/2-1/2

[Event "White Nights"]
[Site "St Petersburg RUS"]
[Date "2007.06.27"]
[Round "3"]
[White "Giri,A"]
[Black "Khuseinkhodzhaev,M"]
[Result "1-0"]
[WhiteElo "2218"]
[BlackElo "2310"]

1.d4 Nf6 2.c4 e6 3.Nc3 d5 4.Nf3 Be7 5.Bf4 O-O 6.e3 Nbd7 7.c5 Nh5 8.Bd3 Nxf4
9.exf4 c6 10.Qc2 g6 11.O-O b6 12.b4 a5 13.a3 Ba6 14.Bxa6 Rxa6 15.b5 cxb5
16.c6 b4 17.axb4 Nf6 18.b5 Ra7 19.Ne5 Bd6 20.Na4 Bc7 21.g3 Ne4 22.f3 Nd6
23.Qd3 Re8 24.Rfe1 Kg7 25.Kg2 h5 26.Re2 h4 27.Rae1 hxg3 28.hxg3 Rh8 29.Rh1 Rxh1
30.Kxh1 Nf5 31.Kg2 Ra8 32.Re1 Qd6 33.g4 Qb4 34.Nc3 Nxd4 35.Rb1 Nb3 36.Ne2 a4
37.Qc3 Qxc3 38.Nxc3 Nc5 39.Ra1 g5 40.Nd7 Nxd7 41.cxd7 gxf4 42.Nxa4 Bd8 43.Kf1 Kf6
44.Ke2 e5 45.Kd3 Ke6 46.Nc5+ bxc5 47.Rxa8 Kxd7 48.Ra7+ Kd6 49.Rxf7 c4+ 50.Kc2 d4
51.g5 d3+ 52.Kd1 c3 53.b6 c2+ 54.Kc1 Ke6 55.b7  1-0

[Event "CIQ"]
[Site "Quebec CAN"]
[Date "2007.06.29"]
[Round "8"]
[White "Luksza,A"]
[Black "Ye,L"]
[Result "1/2-1/2"]
[WhiteElo "2141"]
[BlackElo "2141"]

1.d4 d5 2.c4 e6 3.Nf3 Nf6 4.Nc3 Be7 5.Bf4 a6 6.e3 O-O 7.h3 dxc4 8.Bxc4 b5
9.Bd3 Bb7 10.O-O Nbd7 11.Qe2 c5 12.Rac1 cxd4 13.exd4 Nb6 14.Rfd1 Nbd5 15.Nxd5 Qxd5
16.a3 Rac8 17.Be5 Ne4 18.Bxe4 Qxe4 19.Qxe4 Bxe4 20.Bc7 Bf6 21.Rc3 Bd5 22.Ne5 Bxe5
23.dxe5 f6 24.Rdc1 Rf7 25.Bd6 Rxc3 26.Rxc3 Bb7 27.f3 Rd7 28.Kf2 fxe5 29.Bxe5 g5
30.Ke3 Kf7 31.Rc5 Kg6 32.Bc3 h6 33.Kf2 Rf7 34.Kg3 Rf5 35.Be5 Bd5 36.Bd4 Rf4
37.Bc3 Rc4 38.Rxc4 Bxc4 39.f4 Bd5  1/2-1/2

[Event "35th World Open"]
[Site "King of Prussia USA"]
[Date "2007.06.30"]
[Round "2"]
[White "Akobian,V"]
[Black "Martinez,Marce"]
[Result "1/2-1/2"]
[WhiteElo "2574"]
[BlackElo "2386"]

1.d4 Nf6 2.c4 e6 3.Nf3 d5 4.Nc3 Be7 5.Bf4 O-O 6.e3 c5 7.dxc5 Bxc5 8.cxd5 exd5
9.Be2 Nc6 10.O-O a6 11.Bg5 Be6 12.Rc1 Be7 13.Nd4 Rc8 14.Nxc6 Rxc6 15.Bf3 Rc5
16.Ne2 Rxc1 17.Qxc1 h6 18.Bh4 g5 19.Bg3 g4 20.Nd4 gxf3 21.gxf3 Bh3 22.Rd1 Nh7
23.Kh1 Kh8 24.e4 Ng5 25.e5 Qb6 26.Qf4 Qg6 27.Qh4 Kh7 28.Re1 Rc8 29.b3 Bb4
30.Rg1 Qd3 31.e6 fxe6 32.Be5 Bd2 33.Qxh3 Nxh3 34.Rg7+ Kh8 35.Rg6+ Kh7 36.Rg7+ Kh8
37.Rg6+ Kh7 38.Rg7+  1/2-1/2

[Event "ch-SWE Master Elite"]
[Site "Stockholm SWE"]
[Date "2007.07.04"]
[Round "5"]
[White "Rosberg,S"]
[Black "Marttala,T"]
[Result "1/2-1/2"]
[WhiteElo "2123"]
[BlackElo "2271"]

1.Nf3 Nf6 2.c4 e6 3.d4 d5 4.Nc3 Be7 5.Bf4 O-O 6.e3 c6 7.Qc2 Nbd7 8.cxd5 Nxd5
9.Nxd5 exd5 10.Bd3 Nf6 11.O-O h6 12.a3 a6 13.b4 Ne8 14.Rab1 Bd6 15.Ne5 Qe7
16.Qb3 Bxe5 17.Bxe5 Nd6 18.Qc2 Qe6 19.Bxd6 Qxd6 20.a4 Re8 21.Rfc1 Be6 22.Qc5 Qxc5
23.bxc5 Re7 24.a5 Rae8 25.Rb2 Bc8 26.Re2 g6 27.Rce1 f5 28.g4 Kf7 29.gxf5 gxf5
30.f4 Kf6 31.Kf2 Rg8 32.Rg1 Rxg1 33.Kxg1 Rg7+ 34.Kf1 Rg6 35.Rg2 Rg4 36.Be2 Rg8
37.Bh5 Rg7 38.Rg3 Bd7 39.Rh3 Rg8 40.Be2 Kg6 41.Rg3+ Kh7 42.Bh5 Rg7 43.Kg2 Rg8
44.Kh3 Rg7 45.Kh4 Rg8 46.Bf7 Rg7 47.Bh5 Rg8 48.Be2 Rg7 49.Bd3 Be6 50.Bc2 Bd7
51.Kh5 Be8+ 52.Kh4 Bd7 53.Rxg7+ Kxg7 54.Bd1  1/2-1/2

[Event "Ikaros Festival"]
[Site "Agios Kirykos GRE"]
[Date "2007.07.08"]
[Round "2"]
[White "Roos,M GER"]
[Black "Papahristoudis,A"]
[Result "1-0"]
[WhiteElo "2378"]
[BlackElo "2084"]

1.c4 Nf6 2.Nc3 e6 3.Nf3 d5 4.d4 Be7 5.Bf4 O-O 6.e3 b6 7.cxd5 exd5 8.Ne5 Be6
9.Bd3 c5 10.dxc5 bxc5 11.O-O Qb6 12.Na4 Qb7 13.Rc1 Nbd7 14.b3 Rac8 15.Qe2 Nb8
16.h3 Rfd8 17.Rc2 Qb4 18.Qe1 Qb7 19.Qa5 c4 20.bxc4 dxc4 21.Rb2 Qa6 22.Qxa6 Nxa6
23.Be2 c3 24.Nxc3 Rxc3 25.Bxa6 Nd5 26.Bg3 Nb4 27.Be2 Nxa2 28.Rb7 Bc5 29.Nc6 Ra8
30.Bf3 a6 31.Ne7+ Kf8 32.Nd5 Rc1 33.Rxc1 Nxc1 34.Rc7 Rc8 35.Rxc5 Rxc5 36.Bd6+ Ke8
37.Bxc5  1-0

[Event "Canadian Open"]
[Site "Ottawa CAN"]
[Date "2007.07.08"]
[Round "3"]
[White "Likavsky,T"]
[Black "Djerkovic,M"]
[Result "1-0"]
[WhiteElo "2494"]
[BlackElo "2189"]

1.d4 Nf6 2.c4 e6 3.Nc3 d5 4.Nf3 Be7 5.Bf4 O-O 6.e3 c6 7.a3 Nbd7 8.h3 c5 9.cxd5 Nxd5
10.Nxd5 exd5 11.dxc5 Nxc5 12.Be5 Bf6 13.Bxf6 Qxf6 14.Qd4 Qd6 15.Rd1 Rd8 16.Bd3 Bd7
17.O-O Rac8 18.Bb1 Ba4 19.b4 Ne6 20.Qd3 Bxd1 21.Qxh7+ Kf8 22.Rxd1 Rc3 23.Nh4 Qe5
24.Bf5 Rdc8 25.Bxe6 Qxe6 26.Nf5 f6 27.Qxg7+ Ke8 28.Rxd5 Rc1+ 29.Kh2  1-0

[Event "Kaupthing Open"]
[Site "Differdange LUX"]
[Date "2007.07.09"]
[Round "4"]
[White "Stull,N"]
[Black "Mamedjarova,T"]
[Result "1/2-1/2"]
[WhiteElo "2134"]
[BlackElo "2277"]

1.d4 d5 2.c4 e6 3.Nc3 Nf6 4.Nf3 Be7 5.Bf4 c6 6.e3 O-O 7.Qc2 Nbd7 8.Bd3 b6
9.O-O Bb7 10.e4 dxe4 11.Nxe4 Nxe4 12.Bxe4 Nf6 13.Bd3 c5 14.dxc5 Bxc5 15.Rad1 Qe7
16.Ne5 h6 17.h3 Rac8 18.Qe2 Rfd8 19.a3 a5 20.Rfe1 Nd7 21.Qg4 Nf6 22.Qe2 Nd7
23.Qg4 f5 24.Qe2 Nxe5 25.Bxe5 Qg5 26.g3 Re8 27.h4 Qe7 28.Qh5 Ba8 29.Kf1 Qb7
30.Ke2 Kh7 31.Qg4 g6 32.Qf4 h5 33.Bc2 Bf8 34.Rd3 Bh6 35.Qd4 Rcd8 36.Qc3 Qe4+
37.Kf1 Rxd3 38.Qxd3 Qg2+ 39.Ke2 Bc6 40.Rd1 Bf8 41.Qe3 Bc5 42.Qf4 b5 43.cxb5 Bxb5+
44.Bd3 Bc6 45.Rc1 Bb6 46.Rc3 Rd8 47.Bc4 Bxf2 48.Qxf2 Rd2+ 49.Kxd2 Qxf2+ 50.Be2 Qb6
51.Rd3 Bd5 52.b3 Qc5 53.Rc3 Bc4 54.bxc4 Qxe5 55.c5 Qd4+ 56.Kc2 Qe4+ 57.Kd2 Qd5+
58.Kc2 Qa2+ 59.Kd3 e5 60.c6 Qb1+ 61.Kd2 Qa2+ 62.Kc1 Qxe2 63.c7 Qf1+ 64.Kc2 Qg2+
65.Kc1 Qh1+ 66.Kc2 Qg2+ 67.Kc1  1/2-1/2

[Event "Kaupthing Open"]
[Site "Differdange LUX"]
[Date "2007.07.09"]
[Round "4"]
[White "Risch,M"]
[Black "Funke,R"]
[Result "0-1"]
[WhiteElo "2030"]
[BlackElo "2236"]

1.d4 d5 2.c4 e6 3.Nc3 Be7 4.Nf3 Nf6 5.Bf4 O-O 6.e3 c5 7.cxd5 Nxd5 8.Nxd5 Qxd5
9.dxc5 Qxc5 10.a3 Rd8 11.Qc1 Qf5 12.Bc7 Rf8 13.Bxb8 Rxb8 14.Qc7 Qc5 15.Qxc5 Bxc5
16.Rc1 Be7 17.Be2 Bf6 18.Rc2 Bd7 19.Rd2 Bc6 20.O-O Rfc8 21.Nd4 Be8 22.Nb5 a6
23.Nd6 Rd8 24.b3 Bc6 25.Rfd1 Kf8 26.f4 Bd5 27.Nc4 b5 28.Ne5 Bxe5 29.fxe5 Rdc8
30.Bf3 Bxb3 31.Rb1 Rc3 32.Rd7 Rxe3 33.Bh5 Rxe5 34.Bxf7 Bc4 35.g4 Re4 36.Bh5 g6
37.Rxh7 Kg8 38.Rc7 gxh5 39.gxh5 Rg4+ 40.Kh1 Bd5+  0-1

[Event "Open A"]
[Site "Kowalewo Pomorskie POL "]
[Date "2007.07.09"]
[Round "7"]
[White "Shishkin,Va UKR"]
[Black "Ejsmont,K"]
[Result "1/2-1/2"]
[WhiteElo "2543"]
[BlackElo "2367"]

1.d4 d5 2.c4 e6 3.Nf3 Nf6 4.Nc3 Be7 5.Bf4 O-O 6.e3 Nbd7 7.a3 c5 8.cxd5 Nxd5
9.Nxd5 exd5 10.dxc5 Nxc5 11.Be5 Bf6 12.Bxf6 Qxf6 13.Qd4 Qd6 14.Rd1 Rd8 15.b4 Ne6
16.Qb2 Qe7 17.Be2 a5 18.O-O axb4 19.axb4 Ra4 20.Rb1 Ng5 21.Qb3 Ra8 22.Nxg5 Qxg5
23.Rbd1 Be6 24.Rd4 Rdc8 25.Rfd1 h6 26.h4 Qf5 27.Bd3 Qf6 28.Qb2 Rc7 29.Qd2 Rac8
30.Rf4 Qe5 31.g3 Rc3 32.Rd4 b6  1/2-1/2

[Event "6th Open"]
[Site "La Fere FRA"]
[Date "2007.07.09"]
[Round "3"]
[White "Cornelisse,J"]
[Black "Mestdagh,F"]
[Result "1-0"]
[WhiteElo "2177"]
[BlackElo "1910"]


1.c4 Nf6 2.Nf3 e6 3.d4 d5 4.Nc3 Be7 5.Bf4 c6 6.e3 Nbd7 7.Rc1 dxc4 8.Bxc4 Nb6
9.Bd3 Nbd5 10.Bg3 O-O 11.e4 Nb4 12.Bb1 c5 13.O-O Nh5 14.d5 Nxg3 15.hxg3 exd5
16.exd5 Bf6 17.Qb3 b6 18.a3 Na6 19.Rcd1 Nc7 20.Be4 Qd6 21.Nd2 Ba6 22.Rfe1 Rad8
23.Nf3 Qd7 24.Nd4 Ne8 25.d6 Bxd4 26.Nd5 Nxd6 27.Rxd4 cxd4 28.Nf6+  1-0

[Event "ChIP"]
[Site "Paris FRA"]
[Date "2007.07.09"]
[Round "3"]
[White "Shchekachev,A"]
[Black "Onkoud,A"]
[Result "1-0"]
[WhiteElo "2541"]
[BlackElo "2396"]

1.Nf3 d5 2.d4 e6 3.c4 Be7 4.Nc3 Nf6 5.Bf4 O-O 6.e3 c5 7.dxc5 Bxc5 8.Qc2 Nc6
9.Rd1 Qa5 10.Be2 Bd7 11.O-O Rac8 12.a3 Be7 13.cxd5 exd5 14.Qb3 Be6 15.Qxb7 Ne4
16.Nxe4 dxe4 17.Nd4 Nxd4 18.exd4 Qf5 19.Qxe7 Qxf4 20.d5 Bf5 21.d6 Rcd8 22.Qxa7 Rd7
23.Qe3 Qe5 24.Qd4 Qa5 25.Qd5  1-0

[Event "Canadian Open"]
[Site "Ottawa CAN"]
[Date "2007.07.13"]
[Round "8"]
[White "Kunte,A"]
[Black "Van Dijk,Ti"]
[Result "1-0"]
[WhiteElo "2519"]
[BlackElo "2274"]

1.d4 d5 2.c4 e6 3.Nc3 Be7 4.Nf3 Nf6 5.Bf4 O-O 6.e3 c5 7.dxc5 Bxc5 8.Qc2 Nc6
9.a3 Qa5 10.Nd2 Bb4 11.cxd5 exd5 12.Bd3 d4 13.O-O Bxc3 14.Nc4 Qh5 15.bxc3 dxe3
16.Rae1 exf2+ 17.Rxf2 Be6 18.Ne5 Ng4 19.Nxg4 Bxg4 20.Rb1 Rad8 21.h3 Be6 22.Rxb7 h6
23.Rb5 Qh4 24.Rc5 Nb8 25.Qe2 Qe7 26.Rh5 Qd7 27.Bc2 Rfe8 28.Qf3 Nc6 29.Qg3 Kf8
30.Qxg7+ Kxg7 31.Bxh6+ Kg8 32.Rg5+ Kh8 33.Bg7+ Kg8 34.Bf6+ Kf8 35.Bh7 Ne7
36.Bg7+  1-0

[Event "Czech Open GMA"]
[Site "Pardubice CZE"]
[Date "2007.07.20"]
[Round "1"]
[White "Dziuba,M"]
[Black "Adnoy,H"]
[Result "1-0"]
[WhiteElo "2536"]
[BlackElo "2289"]

1.d4 Nf6 2.c4 e6 3.Nf3 d5 4.Nc3 Be7 5.Bf4 O-O 6.e3 c5 7.dxc5 Bxc5 8.cxd5 exd5
9.Be2 Nc6 10.O-O Be6 11.Rc1 Rc8 12.Ne5 Bd6 13.Nxc6 bxc6 14.Qa4 Rb8 15.Bxd6 Qxd6
16.b3 Rb4 17.Qxa7 Ng4 18.Bxg4 Bxg4 19.f3 Bf5 20.Ne2 Qh6 21.Ng3 Bc8 22.e4 f5
23.exd5 cxd5 24.Rxc8 Rxc8 25.Nxf5  1-0

[Event "29th Politiken Cup"]
[Site "Copenhagen DEN"]
[Date "2007.07.21"]
[Round "1"]
[White "Schandorff,L"]
[Black "Skovgaard,T"]
[Result "1-0"]
[WhiteElo "2525"]
[BlackElo "2000"]

1.d4 d5 2.c4 e6 3.Nf3 Nf6 4.Nc3 Be7 5.Bf4 O-O 6.e3 c5 7.dxc5 Bxc5 8.cxd5 Nxd5
9.Nxd5 exd5 10.a3 Nc6 11.Bd3 Be7 12.O-O g6 13.b4 a6 14.Ne5 Nb8 15.Rc1 Be6
16.Be2 a5 17.Bh6 Re8 18.Bb5 axb4 19.axb4 Bxb4 20.Bxe8 Qxe8 21.Qd4  1-0

[Event "8th GM"]
[Site "Banja Luka BIH"]
[Date "2007.07.22"]
[Round "1"]
[White "Ruck,R"]
[Black "Savanovic,A"]
[Result "1-0"]
[WhiteElo "2563"]
[BlackElo "2432"]

1.Nf3 d5 2.d4 Nf6 3.c4 e6 4.Nc3 Be7 5.Bf4 O-O 6.e3 c5 7.dxc5 Nc6 8.cxd5 exd5
9.Be2 Bxc5 10.O-O Be6 11.Rc1 Rc8 12.Ne5 Bd6 13.Nxc6 bxc6 14.Qa4 Bxf4 15.Qxf4 c5
16.Rfd1 Qb6 17.b3 h6 18.h3 a5 19.Na4 Qa7 20.Qd6 c4 21.bxc4 dxc4 22.Nb6 Rc7
23.Bxc4 Rb7 24.Nd5 Bxd5 25.Bxd5 Rd7 26.Qe5 Re8 27.Qf5 Nxd5 28.Rxd5 Rxd5 29.Qxd5 Qb6
30.Qc5 Rb8 31.a3 Qb2 32.Rc2 Qb1+ 33.Kh2 a4 34.Rc4 Qb3 35.Rf4 Rb6 36.Qc8+ Kh7
37.Qf5+ Kg8 38.Rd4 Rb8 39.Rd7 Rf8 40.Qc5 Rb8 41.Rd4 Rb5 42.Qc6 Ra5 43.Rd8+ Kh7
44.Qe4+ f5 45.Qe7 Rd5 46.Rf8 Qb2 47.Qe8 Qe5+ 48.Qxe5 Rxe5 49.Rd8 Kg6 50.Rd4 Ra5
51.g4  1-0

[Event "Quebec Open"]
[Site "Montreal CAN"]
[Date "2007.07.22"]
[Round "3"]
[White "Huzman,A"]
[Black "Aveskulov,V"]
[Result "1/2-1/2"]
[WhiteElo "2601"]
[BlackElo "2539"]

1.d4 Nf6 2.Nf3 d5 3.c4 e6 4.Nc3 Be7 5.Bf4 O-O 6.e3 c5 7.dxc5 Bxc5 8.Qc2 Nc6
9.a3 Qa5 10.Rd1 Be7 11.Be2 dxc4 12.Bxc4 e5 13.Bg3 Bg4 14.O-O Rac8 15.Rc1 a6
16.Ng5 Bh5 17.Bd3 Bg6 18.Bxg6 hxg6 19.Qb3 b5 20.Rfd1  1/2-1/2

[Event "Najdorf Mem GpA"]
[Site "Grodzisk Mazowiecki POL"]
[Date "2007.07.23"]
[Round "4"]
[White "Lagowski,P"]
[Black "Urban,K"]
[Result "1/2-1/2"]
[WhiteElo "2335"]
[BlackElo "2481"]

1.d4 d5 2.c4 e6 3.Nc3 Be7 4.Nf3 Nf6 5.Bf4 O-O 6.e3 Nbd7 7.cxd5 Nxd5 8.Bg3 c5
9.Bd3 cxd4 10.exd4 N7f6 11.O-O b6 12.Nxd5 Nxd5 13.Ne5 Bb7 14.Rc1 a6 15.Qf3 Rc8
16.Rfe1 Rxc1 17.Rxc1 Qa8 18.a3 Nf6 19.Nc6 Kh8 20.d5 Nxd5 21.Nxe7 Nxe7 22.Qh5 Ng6
23.Bxg6 fxg6 24.Qh3 Rc8 25.Re1 Bd5 26.Be5 Kg8 27.Qg3 Qb7 28.h4 Rc4 29.Qg5 Qd7
30.Re3 b5 31.Rc3 a5 32.Rxc4 Bxc4 33.Bc3 a4  1/2-1/2

[Event "Siberia A"]
[Site "Novosibirsk RUS"]
[Date "2007.07.25"]
[Round "7"]
[White "Verzhansky,A"]
[Black "Kopylov,Al1"]
[Result "1/2-1/2"]
[WhiteElo "2361"]
[BlackElo "2344"]

1.d4 d5 2.c4 e6 3.Nc3 Be7 4.Nf3 Nf6 5.Bf4 O-O 6.e3 Nbd7 7.c5 c6 8.Bd3 b6
9.b4 a5 10.a3 Ba6 11.O-O Bxd3 12.Qxd3 b5 13.h3 Qc8 14.Rfb1 axb4 15.axb4 Qb7
16.Nd2 Rxa1 17.Rxa1 Ra8 18.Qb1 Nf8 19.Nb3 Rxa1 20.Qxa1 Bd8 21.Ne2 Ng6 22.Bd6 Ne4
23.Nec1 f6 24.Nd3 Kf7 25.Bh2 Ke8 26.f3 Ng5 27.Na5 Qa7 28.Qe1 Ne7 29.Bd6 Kd7
30.e4 dxe4 31.fxe4 Nc8 32.Bg3 Ne7 33.h4 Nf7 34.Qd2 Bc7 35.Bxc7 Qxc7 36.Nf4 Ng6
37.Nxg6 hxg6 38.d5 Ne5 39.dxc6+ Ke7 40.Qe2 Nxc6 41.Qxb5 Ne5 42.Nb7 Nf3+ 43.gxf3 Qg3+
44.Kf1 Qxf3+ 45.Ke1 Qxe4+ 46.Kd2 Qf4+ 47.Kc2 Qe4+ 48.Kd2 Qf4+ 49.Kc2 Qe4+
50.Kb2 Qd4+ 51.Kb3 Qd1+ 52.Kc3 Qc1+ 53.Kb3  1/2-1/2

[Event "29th Politiken Cup"]
[Site "Copenhagen DEN"]
[Date "2007.07.26"]
[Round "7"]
[White "Krasenkow,M"]
[Black "Nielsen,PH"]
[Result "1-0"]
[WhiteElo "2660"]
[BlackElo "2638"]

1.d4 Nf6 2.c4 e6 3.Nf3 d5 4.Nc3 Be7 5.Bf4 O-O 6.e3 c5 7.dxc5 Bxc5 8.cxd5 Nxd5
9.Nxd5 exd5 10.a3 Nc6 11.Bd3 Bb6 12.O-O Bg4 13.h3 Bh5 14.b4 d4 15.g4 Bg6
16.e4 Rc8 17.Rc1 f6 18.Bc4+ Kh8 19.Be6 Ra8 20.Bd5 Qd7 21.Qb3 Rae8 22.Nd2 d3
23.Qxd3 Nd4 24.Bc4 f5 25.gxf5 Bxf5 26.exf5 Ne2+ 27.Qxe2 Rxe2 28.Bxe2 Qxf5
29.Bg3 Qxh3 30.Rc3 Re8 31.Rfc1 Bd4 32.Rf3 h5 33.Bd3 h4 34.Bf5 Qxg3+ 35.Rxg3 hxg3
36.Rc8 gxf2+ 37.Kg2 Rxc8 38.Bxc8 b6 39.Ba6 Kg8 40.Nc4 Kf7 41.Nd6+ Ke6 42.Nb5 Bb2
43.a4  1-0

[Event "Quebec Open"]
[Site "Montreal CAN"]
[Date "2007.07.26"]
[Round "7"]
[White "Masse,H"]
[Black "Ye,L"]
[Result "1/2-1/2"]
[WhiteElo "2181"]
[BlackElo "2141"]

1.d4 d5 2.c4 e6 3.Nc3 Be7 4.Nf3 Nf6 5.Bf4 O-O 6.e3 a6 7.a3 dxc4 8.Bxc4 b5
9.Ba2 Bb7 10.O-O Nbd7 11.Qe2 c5 12.dxc5 Nxc5 13.Rfd1 b4  1/2-1/2

[Event "Czech Open GMA"]
[Site "Pardubice CZE"]
[Date "2007.07.26"]
[Round "7"]
[White "Vorobiov,E"]
[Black "Mikhalevski,A"]
[Result "1/2-1/2"]
[WhiteElo "2572"]
[BlackElo "2441"]

1.d4 d5 2.c4 e6 3.Nc3 Be7 4.Nf3 Nf6 5.Bf4 O-O 6.e3 c5 7.dxc5 Bxc5 8.Qc2 Nc6
9.a3 Qa5 10.Rd1 Be7 11.Be2 Ne4 12.cxd5 Nxc3 13.bxc3 exd5 14.O-O Be6 15.a4 Rac8
16.Rb1 Bf6 17.Rxb7 d4 18.exd4 Nxd4 19.Nxd4 Bxd4 20.Rb5 Qxc3 21.Qxc3 Rxc3
22.Rd1 Rc2 23.Rxd4 Rxe2 24.h4 a6 25.Rb6 Bc8 26.Rc4 Re6 27.Rb8 Bd7 28.Rb7 Rc6
29.Rd4 Be6 30.a5 h6  1/2-1/2

[Event "MTO"]
[Site "Biel SUI"]
[Date "2007.07.27"]
[Round "5"]
[White "Palac,M"]
[Black "Nezad,H"]
[Result "1-0"]
[WhiteElo "2570"]
[BlackElo "2355"]

1.d4 d5 2.c4 e6 3.Nf3 Nf6 4.Nc3 Be7 5.Bf4 O-O 6.Qc2 Nbd7 7.cxd5 exd5 8.e3 c5
9.dxc5 Nxc5 10.Be2 Bg4 11.O-O Rc8 12.Nd4 Be6 13.Rfc1 a6 14.Qd1 Qb6 15.Rab1 Nce4
16.Bd3 Bb4 17.f3 Nc5 18.Bf1 Ncd7 19.Bg3 Rfe8 20.Nce2 Rxc1 21.Rxc1 Qa5 22.Ra1 Rc8
23.a3 Bf8 24.Nf4 Qb6 25.b4 Re8 26.Qd2 Nb8 27.Rc1 Bd7 28.Bh4 Re5 29.Nd3 Re8
30.Nc5 Bc8 31.Bg3 Nbd7 32.Qc3 Nxc5 33.bxc5 Qd8 34.c6 bxc6 35.Nxc6 Qb6 36.Be5 Re6
37.Bd4 Qc7 38.Ne5 Qxc3 39.Rxc3 Re8 40.Nd3 Bd7 41.Nc5 Bb5 42.Nxa6 Bxa6 43.Bxa6 Ra8
44.Bb7 Rxa3 45.Rc8 Ra2 46.g4 h6 47.h4 Ra5 48.Bc6 Nh7 49.Kf1 Nf6 50.g5 hxg5
51.hxg5 Nh5 52.Be5  1-0

[Event "Najdorf Mem GpA"]
[Site "Grodzisk Mazowiecki POL"]
[Date "2007.07.27"]
[Round "8"]
[White "Lagowski,P"]
[Black "Leniart,A"]
[Result "1/2-1/2"]
[WhiteElo "2335"]
[BlackElo "2357"]

1.d4 Nf6 2.Nf3 d5 3.c4 e6 4.Nc3 Be7 5.Bf4 O-O 6.e3 c5 7.dxc5 Bxc5 8.a3 Nc6
9.Qc2 Qa5 10.O-O-O Be7 11.g4 dxc4 12.Bxc4 e5 13.g5 exf4 14.gxf6 Bxf6 15.Nd5 Ne7
16.Nxf6+ gxf6 17.Rhg1+ Kh8 18.e4 b5 19.Bd5 Nxd5 20.exd5 Bg4 21.Qe4 Bh5 22.Qxf4 Rac8+
23.Kb1 Bg6+ 24.Ka1 b4 25.Qxf6+ Kg8 26.Rd3 bxa3 27.Rxa3 Qxd5 28.Nd4 Rc5 29.b4 Qe5
30.Qxe5 Rxe5 31.Rxa7 Re4 32.Nc6 Rfe8 33.b5 Re1+ 34.Rxe1 Rxe1+ 35.Ka2 Be4
36.Kb3 Rb1+ 37.Kc4 Rc1+ 38.Kd4 Bxc6 39.bxc6 Rxc6 40.Ra5 Rh6  1/2-1/2

[Event "8th It"]
[Site "Montreal CAN"]
[Date "2007.07.27"]
[Round "8"]
[White "Eljanov,P"]
[Black "Short,N"]
[Result "0-1"]
[WhiteElo "2701"]
[BlackElo "2683"]

1.d4 Nf6 2.c4 e6 3.Nf3 d5 4.Nc3 Be7 5.Bf4 O-O 6.e3 c5 7.dxc5 Bxc5 8.a3 Nc6
9.Qc2 Be7 10.cxd5 exd5 11.Be2 Be6 12.O-O Rc8 13.Rfd1 h6 14.Qa4 Qa5 15.Qxa5 Nxa5
16.Nd4 Nc4 17.Bxc4 dxc4 18.Ndb5 a6 19.Bd6 Rfe8 20.Bxe7 Rxe7 21.Nd6 Rc6 22.Rd4 b5
23.f4 g5 24.f5 Bd7 25.e4 Rc5 26.h3 Bc6 27.Kf2 Kg7 28.Ke3 a5 29.Ne2 Rce5 30.Ng3 h5
31.a4 bxa4 32.Rxc4 Bd5 33.Rcxa4 h4 34.Rxa5 hxg3 35.Kd4 Rxe4+ 36.Nxe4 Rxe4+
37.Kd3 Rf4 38.Rg1 Rf2 39.b4 Bxg2  0-1

[Event "29th Politiken Cup"]
[Site "Copenhagen DEN"]
[Date "2007.07.29"]
[Round "10"]
[White "Jorgensen,D"]
[Black "Nielsen,Bo1"]
[Result "1-0"]
[WhiteElo "2186"]
[BlackElo "2129"]

1.d4 d5 2.c4 e6 3.Nc3 Be7 4.Nf3 Nf6 5.Bf4 O-O 6.e3 c6 7.Qc2 Nbd7 8.Rd1 b6
9.Bd3 Bb7 10.O-O Re8 11.Ne5 Nf8 12.e4 Nxe4 13.Nxe4 dxe4 14.Bxe4 Qc8 15.Rfe1 Ng6
16.Bg3 f5 17.Nxg6 hxg6 18.Bf3 Bf6 19.h3 Qd7 20.Be5 Rad8 21.b4 Bxe5 22.Rxe5 Qc7
23.Qe2 Kf7 24.Re1 Qc8 25.Qe3 Qd7 26.Rd1 Qc8 27.h4 Qd7 28.Qf4 Qe7 29.a3 Qd7
30.Qg3 Rh8 31.Rde1 Rde8 32.Qf4 Qd8 33.g3 Qd7 34.Qe3 Qc8 35.Qg5 Ba6 36.b5 cxb5
37.cxb5 Bb7 38.d5 Bxd5 39.Bxd5 exd5 40.Re7+ Rxe7 41.Rxe7+ Kf8 42.Rxa7 Qe8
43.Rb7 Kg8 44.Rxb6 Kh7 45.h5 gxh5 46.Qxf5+ g6 47.Rb7+ Kh6 48.Qf4+ g5 49.Qf6+  1-0

[Event "29th Politiken Cup"]
[Site "Copenhagen DEN"]
[Date "2007.07.29"]
[Round "10"]
[White "Carnstam,T"]
[Black "Dalberg,P"]
[Result "1/2-1/2"]
[WhiteElo "2091"]
[BlackElo "2205"]

1.c4 e6 2.Nc3 d5 3.d4 Be7 4.Nf3 Nf6 5.Bf4 dxc4 6.Qa4+ c6 7.Qxc4 b5 8.Qb3 O-O
9.e3 a6 10.Rd1 Qa5 11.Bd3 c5 12.dxc5 Bxc5 13.O-O Bb7 14.Ng5 h6 15.Nge4 Nbd7
16.Qc2 Rfc8 17.Nxf6+ Nxf6 18.Qb1 Be7 19.Ne4 Rd8 20.Nxf6+ Bxf6 21.b4 Qb6 22.Bh7+ Kh8
23.Be4 Rac8 24.Bxb7 Qxb7 25.Bd6 Qc6 26.Bc5 a5 27.Rxd8+ Bxd8 28.Rd1 axb4 29.Bxb4 Bf6
30.h3 Qc2 31.Qxc2 Rxc2 32.Rd2 Rc1+ 33.Kh2 Be5+ 34.g3 Bf6 35.Kg2 Kh7 36.Rd7 Kg6
37.Rb7 Ra1 38.a3 Bb2 39.Rxb5 Bxa3 40.Ra5 Bb2 41.Rxa1 Bxa1  1/2-1/2

[Event "Open NK"]
[Site "Dieren NED"]
[Date "2007.07.30"]
[Round "6"]
[White "Siebrecht,S"]
[Black "Blees,E"]
[Result "1-0"]
[WhiteElo "2431"]
[BlackElo "2057"]

1.d4 d5 2.c4 e6 3.Nc3 Nf6 4.Nf3 Be7 5.Bf4 c6 6.e3 O-O 7.h3 Nbd7 8.Qc2 a6
9.cxd5 exd5 10.Bd3 Re8 11.O-O-O Nf8 12.g4 Qa5 13.Kb1 Be6 14.Ng5 c5 15.Nxe6 fxe6
16.g5 N6d7 17.Rhg1 b5 18.g6 h6 19.Be2 c4 20.Bf3 b4 21.Qa4 Qxa4 22.Nxa4 Ra7
23.e4 Nf6 24.e5 N6d7 25.Bh5 Rc8 26.Rg3 Rac7 27.Rdg1 c3 28.b3 Bh4 29.Rf3 Nb8
30.Rg4 Bd8 31.Be3 Nc6 32.Nc5 Ra8 33.Rxf8+ Kxf8 34.Nxe6+ Kg8 35.Rf4  1-0

[Event "12th Open"]
[Site "Creon FRA"]
[Date "2007.07.31"]
[Round "2"]
[White "Gozzoli,Y"]
[Black "Rodier,D"]
[Result "1-0"]
[WhiteElo "2470"]
[BlackElo "2137"]

1.d4 Nf6 2.c4 e6 3.Nf3 d5 4.Nc3 Be7 5.Bf4 O-O 6.e3 a6 7.c5 Nc6 8.a3 Ne4 9.Nxe4 dxe4
10.Nd2 f5 11.Qc2 Bf6 12.Nc4 Ne7 13.Ne5 Nd5 14.Bc4 Qe7 15.O-O-O Kh8 16.Bg3 Bd7
17.h4 Bb5 18.h5 Bxc4 19.Qxc4 f4 20.exf4 Bxe5 21.dxe5 e3 22.Rd4 b5 23.Qc2 exf2
24.Bxf2 Rxf4 25.Rxf4 Nxf4 26.Bh4 Qd7 27.h6 g6 28.Bf6+ Kg8 29.c6 Qd4 30.Rd1 Qe3+
31.Kb1 Nd5 32.Bg7 b4 33.axb4 Nxb4 34.Qc4 Nd5 35.Rxd5 Qe1+ 36.Ka2 Re8 37.Rd3  1-0

[Event "ITT"]
[Site "Villa Martelli ARG"]
[Date "2007.08.01"]
[Round "8"]
[White "Oliveira,Si"]
[Black "Gattas,A"]
[Result "1/2-1/2"]
[WhiteElo "2261"]
[BlackElo "2203"]

1.d4 d5 2.c4 e6 3.Nf3 Nf6 4.Nc3 Be7 5.Bf4 c6 6.e3 O-O 7.Rc1 Nbd7 8.Qc2 Nh5
9.Bg3 Nxg3 10.hxg3 f5  1/2-1/2

[Event "XXII Rapid"]
[Site "Villarrobledo ESP"]
[Date "2007.08.04"]
[Round "3"]
[White "Lalic,B"]
[Black "Ponomariov,R"]
[Result "1/2-1/2"]
[WhiteElo "2509"]
[BlackElo "2706"]

1.d4 Nf6 2.c4 e6 3.Nf3 d5 4.Nc3 Be7 5.Bf4 O-O 6.e3 Nbd7 7.a3 c5 8.cxd5 Nxd5
9.Nxd5 exd5 10.dxc5 Nxc5 11.Be5 Bf6 12.Bxf6 Qxf6 13.Qd4 Qd6 14.Rd1 Rd8 15.b4 Ne6
16.Qe5 a5 17.Qxd6 Rxd6 18.Bc4 axb4 19.axb4 Nc7 20.O-O Bg4 21.Be2 Ra2 22.Rfe1 Rb6
23.Rc1 Ne8 24.h3 Bxf3 25.Bxf3 Rd2 26.Red1 Rxd1+ 27.Rxd1 Rxb4 28.Rxd5 Kf8
29.Rd7 b5 30.g4 Rc4 31.Kg2 Rc7 32.Rd5 Rb7 33.Bd1 Nf6 34.Rd4 Rd7 35.Rxd7 Nxd7
36.Kf3 Nc5 37.g5 b4 38.e4 b3 39.Ke3 Ke7 40.f4 Kd6 41.h4 g6 42.Kd4 Ne6+ 43.Ke3 b2
44.Bc2 Kc5 45.f5 Nd4 46.Bd3 Nc6 47.Bb1 Ne5 48.Ba2 Nc4+ 49.Kd3 Na3 50.e5 gxf5
51.Ke3 Nb5 52.Bb1 Nd4 53.h5 Kd5 54.Kf4 Ke6 55.Ba2+ Ke7 56.Bb1 Kf8 57.Ke3 Ne6
58.Bxf5 Nxg5 59.Kd2 Kg8 60.Kc3 Nf3 61.Bh3 Nd4 62.Bg4 Kf8 63.Bd1 Ke7 64.Bc2 f6
65.Bxh7  1/2-1/2